Care of the newly born infant, (Record no. 74307)
[ view plain ]
| 000 -LEADER | |
|---|---|
| fixed length control field | 01103cam a2200301 4500 |
| 001 - CONTROL NUMBER | |
| control field | 74307 |
| 003 - CONTROL NUMBER IDENTIFIER | |
| rucl marc code | BD-RjUL |
| 005 - DATE AND TIME OF LATEST TRANSACTION | |
| control field | 20211209082532.0 |
| 008 - FIXED-LENGTH DATA ELEMENTS--GENERAL INFORMATION | |
| fixed length control field | 700430s1969 mdua b 001 0 eng |
| 020 ## - INTERNATIONAL STANDARD BOOK NUMBER | |
| International Standard Book Number | 0443006393 |
| 035 ## - SYSTEM CONTROL NUMBER | |
| System control number | (BD-RjUL) |
| 040 ## - CATALOGING SOURCE | |
| Original cataloging agency | DLC |
| Transcribing agency | DLC |
| Modifying agency | DLC |
| Language of cataloging | eng |
| 041 ## - LANGUAGE CODE | |
| Language code of text/sound track or separate title | eng |
| 082 00 - DEWEY DECIMAL CLASSIFICATION NUMBER | |
| Classification number | 618.92/01 |
| Edition number | 23 |
| Author mark and year | CAR 1962 |
| 100 1# - MAIN ENTRY--PERSONAL NAME | |
| Personal name | Craig, W. S. |
| Fuller form of name | (William Stuart), |
| Dates associated with a name | 1903-1975. |
| 9 (RLIN) | 221583 |
| 245 10 - TITLE STATEMENT | |
| Title | Care of the newly born infant, |
| Statement of responsibility, etc. | by W. S. Craig, in collaboration with D. M. Morgan and M. Pattullo. With a chapter on mothercraft contributed by M. J. W. Taylor. |
| 250 ## - EDITION STATEMENT | |
| Edition statement | 4th ed. |
| 260 ## - PUBLICATION, DISTRIBUTION, ETC. (IMPRINT) | |
| Place of publication, distribution, etc. | Baltimore, |
| Name of publisher, distributor, etc. | Williams and Wilkins, |
| Date of publication, distribution, etc. | 1969. |
| 300 ## - PHYSICAL DESCRIPTION | |
| Pagination | xiii, 749 p. |
| Illustrations | illus. (part col.) |
| Size | 22 cm. |
| 500 ## - GENERAL NOTE | |
| General note | First published in 1955 under title: Nursing care of the newly born infant. |
| 504 ## - BIBLIOGRAPHY, ETC. NOTE | |
| Bibliography, etc | Includes bibliographies. |
| 650 #0 - SUBJECT ADDED ENTRY--TOPICAL TERM | |
| Topical term or geographic name as entry element | Newborn infants |
| 9 (RLIN) | 221584 |
| 700 1# - ADDED ENTRY--PERSONAL NAME | |
| Personal name | Morgan, D. M. |
| Fuller form of name | (David Martyn), |
| Relator term | joint author. |
| Personal name | Pattullo, M., |
| Relator term | joint author. |
| 942 ## - ADDED ENTRY ELEMENTS (KOHA) | |
| Source of classification or shelving scheme | Dewey Decimal Classification |
| Koha item type | Books |
| Lost status | Source of classification or shelving scheme | Damaged status | Not for loan | Collection code | Permanent Location | Current Location | Shelving location | Date acquired | Source of acquisition | Cost, normal purchase price | Total Checkouts | Full call number | Date last seen | Copy number | Koha item type |
|---|---|---|---|---|---|---|---|---|---|---|---|---|---|---|---|
| Dewey Decimal Classification | Not For Loan | Non-fiction | Central Library, University of Rajshahi | Central Library, University of Rajshahi | Reading Room | 23/09/1965 | Zetlinger | 54.00 | 618.9201 CAR 1962 | 01/07/2018 | C-1 | Books |